01590cam a22004094a 4500001001000000003000900010005001700019006001900036007001500055008004100070010001700111020001800128020001500146020003900161020003600200035002100236040002300257043001200280050002200292082001700314100002000331245008800351264003300439264001900472300003700491504006400528505018900592506005000781588004700831650005200878650004500930650004600975655003001021710003101051830003801082856006001120muse33604MdBmJHUP20210127151044.0m o d cr||||||||nn|n080905s2009 ohu o 00 0 eng d z 2008039125 a9780814271650 a0814271650 z9780814207413 (cloth : alk. paper) z0814207413 (cloth : alk. paper) a(OCoLC)681507786 aMdBmJHUPcMdBmJHUP an-us---04aPE2809b.R53 20090 a427/.9732221 aRichards, Page.10aDistancing EnglishbA Chapter in the History of the Inexpressible /cPage Richards. 1bOhio State University Press, 3bProject MUSE,  a1 online resource (viii, 178 p.) aIncludes bibliographical references (p. 153-168) and index.0 aA tale of two languages and Whitman's preface -- The inexpressible -- Framing -- Translating English into English and "damned serious humour" -- The inexpressible and the thing itself.0 aOpen AccessfUnrestricted online access2star aDescription based on print version record. 0aLiterature and societyzUnited StatesxHistory. 0aAmerican literaturexForeign influences. 0aEnglish languagezUnited StatesxHistory. 7aElectronic books. 2local2 aProject Muse.edistributor 0aBook collections on Project MUSE.40zFull text available: uhttps://muse.jhu.edu/book/27806/